000 00805nam a2200241 i 4500
005 20260330102417.0
008 260330s2025 my gr 000 f may d
020 _a9786299937760
_cRM35.00
_qpaperback
040 _aPPAK
_beng
_cPPAK
_erda
082 0 4 _223
_a899.2333
090 0 0 _a899.2333
_bFAR
_dG
100 0 _aFarra Farisha,
_eauthor.
245 1 0 _aSIR DEAN EXCLUSIVE MAN :
_bCinta Awak Hanya Untuk Saya /
_cFarra Farisha ; Editor : Ude Nora
264 1 _aPuchong, Selangor :
_bPENA SENI PUBLICATION RESOURCES,
_c[2025?]
300 _a513 pages ;
_c21 cm
336 _atext
_2rdacontent
337 _aunmediated
_2rdamedia
338 _avolume
_2rdacarrier
650 1 0 _aMalay fiction
650 2 4 _aMalaysian fiction (Malay)
700 0 _aUde Nora,
_eeditor.
942 _2ddc
_cB
999 _c203563
_d203563